| 000 | 00430nam a2200181Ia 4500 | ||
|---|---|---|---|
| 008 | 170705s9999 xx 000 0 und d | ||
| 020 | _a9780064440219 | ||
| 245 | _aFrog and toad together / | ||
| 245 | _cArnold Lobel. | ||
| 260 | _aNew York : | ||
| 260 | _bScholastic, | ||
| 260 | _c1972 | ||
| 300 | _a64 pages : | ||
| 300 | _bcolor illustration ; | ||
| 300 | _c23cm. | ||
| 440 | _aReading with help 2. | ||
| 500 | _a330 | ||
| 999 |
_c337298 _d337298 |
||